| 000 | 01600cam a22003615a 4500 | ||
|---|---|---|---|
| 001 | 15159162 | ||
| 005 | 20151111140645.0 | ||
| 008 | 080128t2008 njua frbf 001 0 eng d | ||
| 010 | _a 2008003748 | ||
| 020 | _a9780470259580 | ||
| 035 | _a(OCoLC)ocn176895590 | ||
| 040 |
_aDNLM/DLC _beng _cDLC _dNLM _dBTCTA _dBAKER _dYDXCP _dUKM _dC#P _dBWX _dDLC _dEG-ScBUE _dEG-ScBUE |
||
| 043 | _an-us--- | ||
| 082 | 0 | 4 |
_a615.19 _bPHA _222 |
| 245 | 0 | 0 |
_aPharmaceutical manufacturing handbook : _bproduction and processes / _c[edited by] Shayne Cox Gad. |
| 260 |
_aHoboken : _bWiley-Interscience / John Wiley & Sons, _cc.2008. |
||
| 300 |
_axiii, 1370 p. : _bill. ; _c26 cm. |
||
| 500 | _aIndex : p. 1367-1370. | ||
| 504 | _aIncludes bibliographical references. | ||
| 650 | 0 |
_aPharmaceutical technology _vHandbooks, manuals, etc. _2BUEsh |
|
| 650 | 1 | 2 |
_aTechnology, Pharmaceutical _xmethods _zUnited States. _2BUEsh |
| 650 | 1 | 2 |
_aTechnology, Pharmaceutical _xtrends _zUnited States. _2BUEsh |
| 650 | 2 | 2 |
_aBiotechnology _xtrends _zUnited States. _2BUEsh |
| 650 | 2 | 2 |
_aDrug Industry _xtrends _zUnited States. _2BUEsh |
| 651 | _2BUEsh | ||
| 653 |
_bPPhrm _cOctober2015 _cNovember2015 |
||
| 655 |
_vText book _933728 |
||
| 700 | 1 |
_aGad, Shayne C., _d1948- _eeditor. _938553 |
|
| 856 | 4 | 2 |
_3Contributor biographical information _uhttp://www.loc.gov/catdir/enhancements/fy1012/2008003748-b.html |
| 856 | 4 | 2 |
_3Publisher description _uhttp://www.loc.gov/catdir/enhancements/fy1012/2008003748-d.html |
| 856 | 4 | 1 |
_3Table of contents only _uhttp://www.loc.gov/catdir/enhancements/fy1012/2008003748-t.html |
| 942 |
_2ddc _k615.19 PHA |
||
| 999 |
_c20952 _d20924 |
||